| 000 | 00533nam a2200193Ia 4500 | ||
|---|---|---|---|
| 003 | GCL | ||
| 008 | 140319s9999 xx 000 0 ara d | ||
| 040 |
_aGCL / _cGCL |
||
| 082 | 0 | 4 |
_a709.2 _bا ه |
| 245 | 1 | 0 | _aالفنان الكبير ليوناردو دافنتشى |
| 300 | _a212 ص | ||
| 490 |
_aمشاهير الفنانين _v0 |
||
| 650 | 0 | 4 | _aالفنانون |
| 650 | 0 | 4 | _aالنحت |
| 650 | 0 | 4 | _aالرسامون |
| 650 | 0 | 4 | _aليوناردو دافينشى |
| 650 | 0 | 4 | _aالفن, ايطاليا |
| 942 |
_2ddc _cBK |
||
| 999 |
_c37860 _d37860 |
||